| 000 | 00691nam a2200241Ia 4500 | ||
|---|---|---|---|
| 003 | OSt | ||
| 005 | 20221006144642.0 | ||
| 006 | a|||||r|||| 00| 0 | ||
| 007 | ta | ||
| 008 | 221006b |||||||| |||| 00| 0 eng d | ||
| 020 | _c218.05 | ||
| 024 | _a12,265 | ||
| 037 | _cTextual | ||
| 040 |
_aEASL _cEASL _beng |
||
| 041 |
_2eng _aeng |
||
| 082 | _aV41.H81, M1 | ||
| 100 |
_aLITTRUP Leif _9652533 |
||
| 245 | 0 |
_aSubbureauratic government in China in ming times _bStudy of shandong province in the sixteenth century |
|
| 260 |
_aOslo _bUniversiteforlaget _c1981 |
||
| 300 |
_a224p. _ccm. |
||
| 942 |
_hV41.H81, M1 _cTEXL _2CC |
||
| 999 |
_c1080351 _d1080351 |
||